Memorias del curso sobre control integrado de plagas de papa, Bogotá, Colombia, Junio 29 - Julio 19, 1986 /

Bibliographic Details
Corporate Authors: International Potato Center, Instituto Colombiano Agropecuario
Other Authors: Valencia, Luis
Format: Book
Language:Spanish
Published: Bogotá, Colombia : Centro Internacional dela Papa, 1986.
Subjects:

MARC

Tag First Indicator Second Indicator Subfields
LEADER 00000cam a2200000 a 4500
001 in00000013124
005 20151007052329.0
008 870506s1986 ck ab b i10100 spa d
020 |a 9290601035 
035 |a (OCoLC)15640001 
035 |9 AAA7335AM 
040 |a DJB  |c DJB  |d m/c  |d TXA  |d UtOrBLW 
049 |a TXAM  |c [A11043953] 
050 4 |a SB608.P8  |b M44 1986 
245 0 0 |a Memorias del curso sobre control integrado de plagas de papa, Bogotá, Colombia, Junio 29 - Julio 19, 1986 /  |c Centro Internacional de la Papa, Instituto Colombiano Agropecuario ; editado por Luis Valencia. 
264 1 |a Bogotá, Colombia :  |b Centro Internacional dela Papa,  |c 1986. 
300 |a 200 pages :  |b illustrations (some color), 1 map ;  |c 23 cm. 
336 |a text  |b txt  |2 rdacontent 
337 |a unmediated  |b n  |2 rdamedia 
338 |a volume  |b nc  |2 rdacarrier 
500 |a Spine title: Control integrado de plagas de papa. 
504 |a Includes bibliographical references and index. 
650 0 |a Potatoes  |x Diseases and pests  |x Control  |x Congresses. 
700 1 |a Valencia, Luis. 
710 2 |a International Potato Center. 
710 2 |a Instituto Colombiano Agropecuario. 
740 0 |a Control integrado de plagas de papa. 
999 |a MARS 
999 f f |s ffe1867a-72be-32fc-a323-b60f2d139b98  |i 1add0e94-6b04-364b-ae38-fc5bb01a7e06  |t 0 
952 f f |p ric  |a Texas A&M University  |b Rellis Campus  |c Joint Library Facility  |d Remote Storage  |t 0  |e SB608.P8 M44 1986  |h Library of Congress classification  |i unmediated -- volume  |m A14811043953 
998 f f |a SB608.P8 M44 1986  |t 0  |l Remote Storage